[Event "6th Porticcio Open 2019"]
[Site "Porticcio"]
[Date "2019.06.30"]
[Round "2.4"]
[White "Fantinel, Thibault"]
[Black "Vocaturo, Daniele"]
[Result "1/2-1/2"]
[WhiteElo "2381"]
[BlackElo "2612"]
[Annotator "TA"]
[PlyCount "114"]
[EventDate "2019.06.23"]
[EventType "swiss"]
[EventCountry "FRA"]
[SourceTitle "playchess.com"]
[Source "ChessBase"]
[SourceQuality "1"]

{[%evp 16,114,24,11,33,43,39,41,16,25,39,42,25,24,48,55,51,41,64,28,37,31,52,-9,-5,-4,-13,-14,29,16,58,26,37,9,19,6,20,27,37,32,34,0,22,0,40,43,39,46,39,39,39,47,61,45,47,72,67,38,98,97,139,88,99,41,36,29,83,70,69,68,75,40,85,82,81,79,133,130,262,389,332,258,259,259,259,269,341,131,116,0,0,0,0,0,0,0,0,0,0,0,0]} 1. e4 c5 2. Nf3 d6 3. Bb5+ Nd7 4. O-O a6 5. Bd3 Ngf6 6. Re1 g6 7. c3 Bg7 8. Bf1 O-O 9. d4 e5 {B50: Sicilian: 2...d6, Miscellaneous} (9... b5 10. h3 Rb8 11. Bf4 b4 12. Nbd2 cxd4 13. cxd4 Bb7 14. Bh2 Nb6 15. Bd3 a5 16. Qe2 Rc8 17. a3 bxa3 18. Rxa3 {0-1 (99) Motylev,A (2686)-Nepomniachtchi,I (2714) Yaroslavl 2014}) 10. dxe5 dxe5 11. a4 b6 {White is slightly better.} 12. Na3 Bb7 13. Bg5 Qc7 14. Nd2 h6 15. Bh4 Bc6 $146 ({Predecessor:} 15... Rfe8 16. f3 Nf8 17. Ndc4 {0-1 (53) Makropoulou,M (2240)-Gaponenko,I (2409) Plovdiv 2003}) 16. f3 Rfb8 17. Qb3 Ne8 18. Red1 Bf8 19. Nc2 (19. Bf2 $14) 19... b5 $11 20. axb5 axb5 21. c4 bxc4 22. Qc3 $1 Nd6 23. Bxc4 (23. Rxa8 {feels hotter.} Rxa8 24. Na3 Ba4 25. Rc1 Rb8 26. Ndxc4 Rb4 27. Bg3) 23... Nb6 24. b3 ({Much weaker is} 24. Qxe5 Rxa1 25. Rxa1 Nd7 $15) (24. Rxa8 {with more complications.} Rxa8 25. Ne3 Bg7 26. Bd3 Ra2 27. b3) 24... Rxa1 25. Rxa1 Ndxc4 26. Nxc4 Nxc4 27. bxc4 Qd6 28. Bf2 h5 29. h4 Bh6 30. Ne3 Qd4 31. Nd5 Qxc3 32. Nxc3 Rb4 33. Nd5 Bxd5 34. cxd5 $14 {[%mdl 4096] Endgame KRB-KRB} Bf8 35. Ra8 Kg7 36. Rc8 c4 (36... f5 $14) 37. Kh2 Ra4 38. Be1 (38. Bb6 $142) 38... Be7 $16 39. Rc7 (39. Bc3 $16) 39... Kf8 $14 40. Bc3 f6 (40... Bd6 $11 {remains equal.} 41. Rc6 Ke7) 41. Rc6 Ke8 42. g4 Kd7 43. Kg2 Ra2+ 44. Kg3 hxg4 45. fxg4 Ra3 (45... Rc2 $142 46. Rxc4 Rc1) 46. Rxc4 $16 Bb4 (46... Bd8 $16) 47. Rxb4 $18 {aiming for Rc4.} Rxc3+ {KR-KR} 48. Kg2 Rc2+ 49. Kf3 Rc3+ 50. Ke2 Rg3 {[#]} 51. h5 $2 (51. g5 $1 $18 {[%mdl 512] is the precise move to win.}) 51... Rxg4 $16 {[#]} 52. hxg6 (52. h6 $1 $16 {[%cal Rh6h7] Black must now prevent h7.} Rh4 53. Rb7+ Kd6 54. Rb6+ Kc5 55. Rc6+ (55. Rxf6 Rxe4+ 56. Kf2 Rh4 $11) 55... Kb5 56. Rxf6 Rxh6 57. Re6) 52... Rxg6 $11 {The position is equal.} 53. Rb6 Rg4 54. Ke3 Rf4 55. Rb7+ Kd6 56. Rb6+ Kd7 57. Rb7+ Kd6 {Accuracy: White = 57%, Black = 43%.} 1/2-1/2

[Event "6th Porticcio Open 2019"]
[Site "Porticcio"]
[Date "2019.06.30"]
[Round "2.5"]
[White "Van Wely, Loek"]
[Black "Sanchez, Louis"]
[Result "1-0"]
[WhiteElo "2604"]
[BlackElo "2316"]
[Annotator "TA"]
[PlyCount "69"]
[EventDate "2019.06.23"]
[EventType "swiss"]
[EventCountry "FRA"]
[SourceTitle "playchess.com"]
[Source "ChessBase"]
[SourceQuality "1"]

{[%evp 21,71,10,31,32,37,39,38,31,86,79,95,85,78,91,196,208,207,206,201,197,198,189,268,268,346,329,362,365,361,358,362,349,357,352,450,436,574,579,575,569,565,559,544,547,29990,4135,591,591,29988,29989,29990,1077]} 1. d4 d5 2. c4 e6 3. Nc3 Nf6 4. cxd5 Nxd5 5. e4 Nxc3 6. bxc3 c5 7. Nf3 cxd4 8. cxd4 Bb4+ 9. Bd2 Bxd2+ 10. Qxd2 O-O 11. Bc4 b6 12. d5 {[%cal Bd4d5,Bd5d6,Bd6d7][%mdl 32] D41: Queen's Gambit Declined: Semi-Tarrasch with 5 cxd5} (12. O-O Nd7 13. Rfe1 Bb7 14. Rad1 Rc8 15. Bb3 Re8 16. h3 Nf6 17. Qf4 Qc7 18. Ne5 Re7 19. Qh4 Ree8 20. Re3 Qe7 21. d5 Nxd5 22. Qxe7 Nxe7 {1-0 (31) Andreikin,D (2722)-Dominguez Perez,L (2750) Hengshui 2019}) 12... Ba6 13. Bxa6 Nxa6 14. d6 {White is slightly better.} e5 (14... f6 $14) 15. Nxe5 $16 Qf6 16. f4 $1 Nc5 17. O-O $36 {[%mdl 2048] [#] Keeping Black busy.} Nxe4 $146 (17... Qe6 $16 {was called for.}) ({Predecessor:} 17... Rad8 18. Rad1 Nxe4 19. Qd4 Nc5 {½-½ (30) Saric,A (2528)-Teske,H (2550) Seville 2012}) 18. Qd5 $18 Nc5 19. d7 Rad8 20. Rad1 Qf5 21. g4 Qc2 (21... Qf6 {is a better defense.} 22. Kg2 Ne6) 22. f5 Qa4 23. g5 Nxd7 24. Nxd7 Rxd7 25. Qxd7 Qg4+ 26. Kf2 Qf4+ 27. Ke2 $1 Qe4+ 28. Kd2 Qb4+ 29. Ke3 Qc3+ 30. Qd3 Qe5+ 31. Kf3 Qxh2 {Black hopes to continue with ...Qh3+.} 32. Rh1 Qxa2 {[#]} 33. Ra1 (33. Rxh7 $142 $3 {[%mdl 512]} Kxh7 34. f6+ Kg8 35. Rh1 g6 36. Rh6 Qh2 37. Rxh2 Rc8 38. Rh6) 33... Qb2 34. Rxa7 Re8 {[#]} 35. f6 {Played: Rh1-e1} 1-0

[Event "6th Porticcio Open 2019"]
[Site "Porticcio"]
[Date "2019.06.30"]
[Round "2.6"]
[White "Ternault, Mathieu"]
[Black "Lagarde, Maxime"]
[Result "0-1"]
[WhiteElo "2318"]
[BlackElo "2599"]
[Annotator "ChessBase"]
[PlyCount "111"]
[EventDate "2019.06.23"]
[EventType "swiss"]
[EventCountry "FRA"]
[SourceTitle "playchess.com"]
[Source "ChessBase"]
[SourceQuality "1"]
[TimeControl "5400+30"]

1. Nf3 {[%emt 0:00:00]} c5 {[%emt 0:00:28]} 2. c4 {[%emt 0:02:47]} g6 {[%emt 0:00:41]} 3. Nc3 {[%emt 0:05:04]} Bg7 {[%emt 0:00:28]} 4. d4 {[%emt 0:01:58]} cxd4 {[%emt 0:03:34]} 5. Nxd4 {[%emt 0:01:05]} b6 {[%emt 0:02:45]} 6. e4 {[%emt 0:12:02]} Bb7 {[%emt 0:00:16]} 7. Be3 {[%emt 0:01:12]} d6 {[%emt 0:00:19]} 8. Qd2 {[%emt 0:03:03]} Nd7 {[%emt 0:02:52]} 9. Rc1 {[%emt 0:07:58]} a6 {[%emt 0:04:46]} 10. Be2 {[%emt 0:05:07]} Ngf6 {[%emt 0:04:12]} 11. f3 {[%emt 0:01:16]} O-O {[%emt 0:01:14]} 12. O-O {[%emt 0:02:58]} Re8 {[%emt 0:02:49]} 13. Nc2 {[%emt 0:03:17]} Rc8 {[%emt 0:03:11]} 14. b3 {[%emt 0:13:38]} Qc7 {[%emt 0:05:35]} 15. Rfd1 {[%emt 0:02:22]} Qb8 {[%emt 0:06:25]} 16. Nd5 {[%emt 0:03:13]} Nxd5 {[%emt 0:02:55]} 17. exd5 {[%emt 0:00:44]} e5 {[%emt 0:02:17]} 18. dxe6 {[%emt 0:02:33]} Rxe6 {[%emt 0:00:04]} 19. Nd4 {[%emt 0:00:59]} Ree8 {[%emt 0:03:51]} 20. Bf1 {[%emt 0:04:27]} Be5 {[%emt 0:01:16]} 21. Ne2 {[%emt 0:02:31]} d5 {[%emt 0:08:41]} 22. Bf4 {[%emt 0:04:08]} Nf6 {[%emt 0:01:25]} 23. Bxe5 {[%emt 0:02:30]} Qxe5 {[%emt 0:00:05]} 24. Nf4 {[%emt 0:01:05]} dxc4 {[%emt 0:00:50]} 25. Rxc4 {[%emt 0:04:19]} b5 {[%emt 0:11:34]} 26. Rxc8 {[%emt 0:04:25]} Rxc8 {[%emt 0:00:06]} 27. Nd3 {[%emt 0:00:58]} Qd6 {[%emt 0:00:16]} 28. Rc1 {[%emt 0:03:26]} Rd8 {[%emt 0:02:54]} 29. Qf2 {[%emt 0:00:54]} Bc8 {[%emt 0:00:23]} 30. Nc5 {[%emt 0:00:39]} Qf4 {[%emt 0:00:57]} 31. Nd3 {[%emt 0:01:34]} Qd6 {[%emt 0:00:02]} 32. Nc5 {[%emt 0:00:05]} Kg7 {[%emt 0:00:17]} 33. Qb2 {[%emt 0:02:14]} h5 {[%emt 0:03:05]} 34. Ne4 {[%emt 0:01:13]} Qb6+ {[%emt 0:00:01]} 35. Rc5 {[%emt 0:00:31]} Bb7 {[%emt 0:06:51]} 36. Qxf6+ {[%emt 0:00:52]} Qxf6 {[%emt 0:00:02]} 37. Nxf6 {[%emt 0:00:05]} Kxf6 {[%emt 0:00:04]} 38. Rc7 {[%emt 0:00:52]} Bd5 {[%emt 0:00:01]} 39. Ra7 {[%emt 0:00:12]} Rd6 {[%emt 0:00:12]} 40. Kf2 {[%emt 0:00:49]} Be6 {[%emt 0:01:56]} 41. Ke3 {[%emt 0:00:07]} g5 {[%emt 0:01:33]} 42. Bd3 {[%emt 0:00:37]} h4 {[%emt 0:01:39]} 43. g3 {[%emt 0:00:57]} h3 {[%emt 0:01:03]} 44. Be2 {[%emt 0:00:39]} Rc6 {[%emt 0:00:34]} 45. Kd2 {[%emt 0:00:33]} Ke5 {[%emt 0:00:39]} 46. Ra8 {[%emt 0:00:17]} Bf5 {[%emt 0:04:36]} 47. Bd1 {[%emt 0:00:42]} Rd6+ {[%emt 0:00:31]} 48. Ke2 {[%emt 0:00:02]} Kd4 {[%emt 0:02:17]} 49. Kd2 {[%emt 0:00:59]} Kc5+ {[%emt 0:00:24]} 50. Ke2 {[%emt 0:00:01]} Kb4 {[%emt 0:00:46]} 51. Ra7 {[%emt 0:00:19]} Be6 {[%emt 0:01:35]} 52. a4 {[%emt 0:00:58]} g4 {[%emt 0:03:22]} 53. f4 {[%emt 0:00:42]} f5 {[%emt 0:04:03]} 54. Bc2 {[%emt 0:00:27]} Bxb3 {[%emt 0:00:21]} 55. Bxf5 {[%emt 0:00:00]} Be6 56. Bc2 0-1

[Event "6th Porticcio Open 2019"]
[Site "Porticcio"]
[Date "2019.06.30"]
[Round "2.7"]
[White "Zhigalko, Sergei"]
[Black "Boyer, Mahel"]
[Result "1-0"]
[WhiteElo "2594"]
[BlackElo "2295"]
[Annotator "ChessBase"]
[PlyCount "99"]
[EventDate "2019.06.23"]
[EventType "swiss"]
[EventCountry "FRA"]
[SourceTitle "playchess.com"]
[Source "ChessBase"]
[SourceQuality "1"]
[TimeControl "5400+30"]

1. e4 {[%emt 0:00:00]} e6 {[%emt 0:00:00]} 2. d4 {[%emt 0:00:00]} d5 {[%emt 0:00:00]} 3. e5 {[%emt 0:00:00]} c5 {[%emt 0:00:00]} 4. c3 {[%emt 0:00:00]} Bd7 {[%emt 0:01:22]} 5. Nf3 {[%emt 0:00:00]} Nc6 {[%emt 0:08:09]} 6. Be2 {[%emt 0:00:00]} cxd4 {[%emt 0:01:15]} 7. cxd4 {[%emt 0:00:03]} Nge7 {[%emt 0:00:02]} 8. Na3 {[%emt 0:02:05]} Nf5 {[%emt 0:00:50]} 9. Nc2 {[%emt 0:00:05]} Be7 {[%emt 0:00:08]} 10. O-O {[%emt 0:00:17]} O-O {[%emt 0:03:32]} 11. Bd3 {[%emt 0:00:03]} f6 {[%emt 0:04:50]} 12. Bf4 {[%emt 0:13:54]} g5 {[%emt 0:09:13]} 13. exf6 {[%emt 0:02:27]} Bxf6 {[%emt 0:00:31]} 14. Be5 {[%emt 0:29:08]} g4 {[%emt 0:12:42]} 15. Bxf6 {[%emt 0:00:39]} Qxf6 {[%emt 0:00:07]} 16. Ne5 {[%emt 0:00:04]} Nxe5 {[%emt 0:00:09]} 17. dxe5 {[%emt 0:00:04]} Qg5 {[%emt 0:05:16]} 18. f4 {[%emt 0:11:04]} gxf3 {[%emt 0:00:49]} 19. Rxf3 {[%emt 0:00:04]} Kh8 {[%emt 0:00:39]} 20. Qe2 {[%emt 0:00:42]} Nh4 {[%emt 0:08:19]} 21. Rg3 {[%emt 0:01:18]} Qh6 {[%emt 0:00:32]} 22. Rh3 {[%emt 0:02:19]} Qg5 {[%emt 0:04:45]} 23. Rf1 {[%emt 0:20:17]} Ng6 {[%emt 0:04:08]} 24. Bxg6 {[%emt 0:03:14]} Qxg6 {[%emt 0:00:03]} 25. Nd4 {[%emt 0:02:37]} Rxf1+ {[%emt 0:05:48]} 26. Qxf1 {[%emt 0:00:08]} Qg7 {[%emt 0:00:05]} 27. Rf3 {[%emt 0:00:22]} Rg8 {[%emt 0:00:17]} 28. Qe2 {[%emt 0:07:41]} Qg4 {[%emt 0:02:29]} 29. Qf2 {[%emt 0:01:16]} Qh5 {[%emt 0:05:05]} 30. Re3 {[%emt 0:03:43]} Qg5 {[%emt 0:06:54]} 31. h3 {[%emt 0:00:14]} Qg7 {[%emt 0:00:24]} 32. Kh2 {[%emt 0:01:09]} Rf8 {[%emt 0:04:03]} 33. Qh4 {[%emt 0:00:05]} Rg8 {[%emt 0:00:20]} 34. Re2 {[%emt 0:01:07]} Rf8 {[%emt 0:00:16]} 35. Re3 {[%emt 0:00:30]} Rg8 {[%emt 0:00:03]} 36. Qg3 {[%emt 0:00:15]} Qxg3+ {[%emt 0:01:32]} 37. Rxg3 {[%emt 0:00:02]} Rc8 {[%emt 0:00:40]} 38. Rf3 {[%emt 0:00:39]} Rc4 {[%emt 0:00:40]} 39. Rf4 {[%emt 0:00:22]} Kg8 {[%emt 0:04:12]} 40. h4 {[%emt 0:00:48]} Rc1 {[%emt 0:00:27]} 41. h5 {[%emt 0:00:20]} Re1 {[%emt 0:00:10]} 42. Nf3 {[%emt 0:00:20]} Re2 {[%emt 0:00:00]} 43. h6 {[%emt 0:00:26]} Be8 {[%emt 0:00:54]} 44. Kh3 {[%emt 0:01:35]} Bg6 {[%emt 0:04:05]} 45. g4 {[%emt 0:00:26]} d4 {[%emt 0:02:35]} 46. Nxd4 {[%emt 0:00:37]} Rxe5 {[%emt 0:00:06]} 47. Rf6 {[%emt 0:00:21]} Bf7 {[%emt 0:00:25]} 48. Kh4 {[%emt 0:00:26]} Re4 {[%emt 0:01:14]} 49. Nf3 {[%emt 0:00:18]} e5 {[%emt 0:02:15]} 50. Rxf7 {[%emt 0:00:11]} 1-0

[Event "6th Porticcio Open 2019"]
[Site "Porticcio"]
[Date "2019.06.30"]
[Round "2.8"]
[White "Derakhshani, Borna"]
[Black "Kovchan, Alexander"]
[Result "1/2-1/2"]
[WhiteElo "2300"]
[BlackElo "2566"]
[Annotator "ChessBase"]
[PlyCount "83"]
[EventDate "2019.06.23"]
[EventType "swiss"]
[EventCountry "FRA"]
[SourceTitle "playchess.com"]
[Source "ChessBase"]
[SourceQuality "1"]
[TimeControl "5400+30"]

1. b3 {[%emt 0:04:10]} c5 {[%emt 0:00:21]} 2. Bb2 {[%emt 0:00:57]} d6 {[%emt 0:01:37]} 3. c4 {[%emt 0:01:19]} e5 {[%emt 0:02:56]} 4. Nc3 {[%emt 0:03:00]} g6 {[%emt 0:00:50]} 5. g3 {[%emt 0:00:31]} Bg7 {[%emt 0:00:08]} 6. Bg2 {[%emt 0:00:12]} Ne7 {[%emt 0:01:06]} 7. e3 {[%emt 0:03:07]} Nbc6 {[%emt 0:00:36]} 8. Nge2 {[%emt 0:00:49]} Be6 {[%emt 0:00:23]} 9. O-O {[%emt 0:01:40]} Qd7 {[%emt 0:01:25]} 10. Nd5 {[%emt 0:03:01]} h5 {[%emt 0:00:52]} 11. Nef4 {[%emt 0:03:58]} Bg4 {[%emt 0:06:46]} 12. f3 Bf5 {[%emt 0:11:16]} 13. e4 {[%emt 0:01:47]} Be6 {[%emt 0:00:15]} 14. Nxe6 {[%emt 0:00:21]} fxe6 {[%emt 0:00:04]} 15. Bh3 {[%emt 0:02:05]} O-O {[%emt 0:02:09]} 16. f4 {[%emt 0:02:59]} exf4 {[%emt 0:01:55]} 17. Bxg7 {[%emt 0:02:29]} Kxg7 {[%emt 0:00:08]} 18. gxf4 {[%emt 0:06:56]} Nd4 {[%emt 0:01:36]} 19. Kh1 {[%emt 0:10:36]} Qd8 {[%emt 0:03:20]} 20. Ne3 {[%emt 0:00:57]} Nec6 {[%emt 0:01:03]} 21. Ng2 {[%emt 0:01:22]} Kh6 {[%emt 0:11:42]} 22. Rc1 {[%emt 0:13:31]} g5 {[%emt 0:06:59]} 23. Rc3 {[%emt 0:01:33]} gxf4 {[%emt 0:01:37]} 24. Nxf4 {[%emt 0:12:24]} Qh4 {[%emt 0:02:01]} 25. Ng2 {[%emt 0:01:12]} Qe7 {[%emt 0:08:04]} 26. Nf4 {[%emt 0:01:12]} Qh4 {[%emt 0:02:39]} 27. Ng2 {[%emt 0:00:07]} Qxe4 {[%emt 0:07:26]} 28. Re3 {[%emt 0:00:28]} Qc2 {[%emt 0:01:30]} 29. Qe1 {[%emt 0:04:42]} e5 {[%emt 0:02:31]} 30. Nh4 {[%emt 0:05:38]} Ne7 {[%emt 0:16:00]} 31. Rc3 {[%emt 0:03:41]} Rxf1+ {[%emt 0:00:33]} 32. Bxf1 {[%emt 0:00:04]} Qh7 {[%emt 0:00:37]} 33. Qe3+ {[%emt 0:00:42]} Kg7 {[%emt 0:00:03]} 34. Qg5+ {[%emt 0:00:27]} Kf7 {[%emt 0:00:44]} 35. Bd3 {[%emt 0:00:10]} Qh8 {[%emt 0:01:43]} 36. Bg6+ {[%emt 0:02:35]} Ke6 {[%emt 0:00:45]} 37. Bxh5 {[%emt 0:01:34]} Rg8 {[%emt 0:00:18]} 38. Bg4+ {[%emt 0:00:01]} Kf7 {[%emt 0:00:08]} 39. Bh5+ {[%emt 0:00:03]} Ke6 {[%emt 0:00:42]} 40. Bg4+ {[%emt 0:00:01]} Kf7 {[%emt 0:00:05]} 41. Bh5+ {[%emt 0:00:20]} Ke6 {[%emt 0:00:33]} 42. Bg4+ {[%emt 0:00:06]} 1/2-1/2

[Event "6th Porticcio Open 2019"]
[Site "Porticcio"]
[Date "2019.06.30"]
[Round "3.1"]
[White "Yankelevich, Lev"]
[Black "Onischuk, Vladimir"]
[Result "1/2-1/2"]
[WhiteElo "2484"]
[BlackElo "2630"]
[Annotator "TA"]
[PlyCount "113"]
[EventDate "2019.06.23"]
[EventType "swiss"]
[EventCountry "FRA"]
[SourceTitle "playchess.com"]
[Source "ChessBase"]
[SourceQuality "1"]

{[%evp 10,113,37,36,51,29,29,15,35,30,16,3,9,10,32,6,28,0,-12,-12,-10,-5,0,-17,14,-19,-23,-27,-19,-45,0,0,0,0,0,0,0,0,0,-5,0,0,0,0,10,16,21,0,7,-8,-22,-12,0,0,0,0,0,8,19,0,0,0,10,0,0,0,0,0,0,0,0,0,0,0,0,0,0,0,0,0,0,-8,-2,-2,0,0,0,0,0,0,0,0,8,8,8,8,8,8,85,86,837,0,0,0,827,0]} 1. d4 d6 2. Nf3 g6 3. e4 Nf6 4. Bd3 Bg7 5. O-O O-O 6. Re1 Nc6 {B07: Pirc Defence: Miscellaneous Systems} (6... c6 7. h3 Qc7 8. Nbd2 e5 9. c3 Nbd7 10. Nf1 Nh5 11. Be3 Re8 12. Qd2 Nf8 13. Rad1 b5 14. c4 {½-½ (104) Zubov,A (2597)-Nepomniachtchi,I (2763) St Petersburg 2018}) 7. d5 Nb4 8. Bf1 e6 {[%cal Re6d5] The position is equal.} 9. a3 Na6 10. Nc3 $146 ({Predecessor:} 10. dxe6 Bxe6 11. Nd4 Bd7 12. Nc3 Nc5 13. Bg5 Re8 14. f3 {0-1 (45) Davies,N (2420)-Belov,I (2405) Moscow 1987}) 10... Nc5 11. dxe6 Bxe6 12. Bf4 Re8 13. e5 dxe5 14. Bxe5 Ncd7 15. Bf4 c6 16. Nd4 Bg4 17. Qd2 Nc5 18. Rxe8+ Nxe8 19. h3 Qxd4 (19... Bxd4 {keeps more tension.} 20. hxg4 Nf6 21. Rd1 Ne6 22. g5 Nd5) 20. hxg4 Ne6 21. Qxd4 Bxd4 22. Bd2 Rd8 {Threatens to win with ...Bxf2+!} 23. Be1 Nf6 24. Be2 Bb6 25. Kf1 Kg7 26. Rd1 Nd4 27. g5 Nh5 28. Bd3 Nf4 29. Be4 Nfe6 30. Bd2 Nf5 31. Bd3 Nc5 32. Be2 Nd4 33. Be3 Nxe2 (33... Nf5 {feels hotter.} 34. Bxc5 Rxd1+ 35. Bxd1 Bxc5 36. Ne4 Bf8) 34. Kxe2 Rxd1 35. Kxd1 $11 {[%mdl 4096] Endgame KBN-KBN} Kf8 36. b4 Nd7 37. Ke2 Ke7 38. Ne4 Ke6 39. f4 Bc7 40. c4 a6 41. g4 b5 42. Kd3 Bd8 43. Bd4 Be7 44. Ng3 f6 45. f5+ Kf7 46. gxf6 Bxf6 47. Ne4 Bxd4 48. fxg6+ Kxg6 49. Kxd4 bxc4 50. Kxc4 {KN-KN} Ne5+ 51. Kc5 {aiming for a4.} Nxg4 52. Kxc6 {And now a4 would win.} Kf5 53. Ng3+ Kf4 (53... Ke6 $11 {remains equal.}) 54. Nh5+ $1 $16 Kg5 $2 {[%mdl 8192] [#]} (54... Ke5 $16) 55. Ng3 $2 (55. a4 $1 $18 Kxh5 56. a5 Ne5+ 57. Kc7) 55... Kf4 $11 56. Nh5+ $2 {[%mdl 8192]} (56. Nf1 $11) 56... Kg5 $1 $18 {[#]} 57. Ng3 $2 {Accuracy: White = 62%, Black = 66%.} (57. a4 $1 $18 Ne5+ 58. Kb6 Kxh5 59. Kxa6) 1/2-1/2

[Event "6th Porticcio Open 2019"]
[Site "Porticcio"]
[Date "2019.06.30"]
[Round "3.2"]
[White "Sadhwani, Raunak"]
[Black "Donchenko, Alexander"]
[Result "0-1"]
[WhiteElo "2482"]
[BlackElo "2618"]
[Annotator "TA"]
[PlyCount "118"]
[EventDate "2019.06.23"]
[EventType "swiss"]
[EventCountry "FRA"]
[SourceTitle "playchess.com"]
[Source "ChessBase"]
[SourceQuality "1"]

{[%evp 12,132,19,23,23,32,43,47,45,41,53,61,35,10,10,26,11,16,36,31,74,-12,-9,-12,-11,-16,0,0,46,-1,11,0,0,0,0,0,0,0,0,-60,-54,-117,-111,-76,-85,-95,-9,-24,-26,-16,0,0,0,0,0,-32,-14,-17,-33,-39,0,-61,0,-60,-48,-57,0,0,0,-154,0,0,0,0,0,-158,-123,-168,0,-114,-14,-114,-44,-149,-151,-157,0,0,172,-195,-195,-355,-206,-206,-187,-190,0,-290,-242,-455,-401,-294,0,-435,-498,-489,-471,-1168,-1123,-1124,-1108,-755,-940,-828,-797,-29979,-29980,-29980,-29981,-29981,-29982,-29981,-29982]} 1. Nf3 Nf6 2. c4 b6 3. g3 Bb7 4. Bg2 g6 5. d4 Bg7 6. O-O O-O 7. d5 e6 {[%cal Re6d5] A50: Queen's Fianchetto Defence (1 d4 Nf6 2 c4 b6)} (7... Na6 8. Nc3 Nc5 9. Nd4 a5 10. e4 e5 11. Nc2 d6 12. b3 Bc8 13. Rb1 Bd7 14. a3 a4 15. b4 {0-1 (38) Vidit,S (2707)-Rapport,R (2736) Hengshui 2019}) 8. Nc3 exd5 9. cxd5 Re8 {White is slightly better.} 10. Nd4 Na6 11. Bf4 Nc5 12. Qc2 Nh5 13. Be3 {[#]} Rxe3 $146 ({Predecessor:} 13... a5 14. Rad1 f5 15. Nb3 d6 16. Nd4 Qf6 {½-½ (16) Mulyar,M (2382)-Yermolinsky,A (2530) Philadelphia 2008}) 14. fxe3 Qg5 15. Qd2 Re8 16. Nf3 (16. Ndb5 $16) 16... Qxe3+ $11 17. Qxe3 Rxe3 18. Rad1 Nf6 19. Nd4 a6 20. Bf3 Re8 21. d6 c6 22. Nb3 Nce4 23. Bxe4 Nxe4 24. Na4 $1 b5 25. Nac5 (25. Nb6 $1 $11 Bc8 26. Rf3 (26. Nxc8 Rxc8 27. Nd2 Nf6 $11)) 25... Bc8 $15 26. Rf4 (26. Nxe4 $15 Rxe4 27. Rd2) 26... Nxc5 $17 27. Nxc5 Bxb2 28. Kf1 f5 (28... Ba3 $17 29. Ne4 Kg7) 29. Rf3 $1 $11 a5 30. Kf2 a4 31. Re3 Rxe3 (31... Rf8 {is more complex.} 32. Kf3 Bf6 33. g4 fxg4+ 34. Kxg4 Kg7) 32. Kxe3 {[%mdl 4096] Endgame KRN-KB} Kf7 33. g4 fxg4 {Strongly threatening ...Be5.} 34. Rf1+ Kg7 {Hoping for ...Be5.} 35. Ke4 $1 h5 36. Rg1 (36. Rb1 $1 $11 Bc3 37. Rf1) 36... Bc3 (36... a3 $15) 37. Rf1 (37. e3 $11) 37... Bf6 38. e3 Bc3 ({Better is} 38... a3 $1 $15) 39. Rc1 Bb2 40. Rf1 $2 (40. Rb1 $11 Bf6 41. Rf1) 40... Bf6 $2 (40... a3 $1 $17 41. Re1 b4) 41. Kf4 Bc3 42. Ke4 a3 43. Rc1 $2 (43. Rb1 $11) 43... Bb2 $1 $17 {[%cal Rb2c1]} 44. Rd1 Bc3 $2 ({Black should play} 44... b4 $1 $19 45. Na4 Kf6 46. Rf1+ Ke6) 45. Rf1 (45. Rc1 $11 Bb2 46. Rf1) 45... Bf6 (45... b4 $1 $17) 46. Kf4 (46. Rc1 $11) 46... Bd8 (46... Bb2 $17 47. e4 Bd4) 47. e4 (47. Rb1 $15) 47... Bb6 48. Nd3 Bd4 $2 ({Black should try} 48... c5 $17 49. Nxc5 Bxc5) 49. e5 $1 $11 Bc3 $2 (49... Bb6 $11) 50. e6 $4 {[%mdl 8192]} (50. Ke4 $18 {was the only winning move.}) 50... dxe6 $19 51. Nc5 $2 (51. Ke4 {only move.} b4 52. Nc5) 51... b4 (51... e5+ $142 52. Ke4 b4) 52. Ke4 e5 $1 53. Kd3 {[#]} Bd4 $2 (53... Bf5+ $1 $19 54. Kc4 Kf6) 54. Kc4 $2 {[%mdl 8192]} (54. d7 $1 $11 {and White is okay.} Bxd7 55. Nxd7) 54... h4 {And now ...g3 would win.} 55. Nb3 $2 (55. d7 Bxd7 56. Nxd7) 55... Bb6 {...Ba6+ is the strong threat.} ({Not} 55... Ba6+ 56. Kxb4 Bxf1 57. Nxd4 $17) 56. Nc5 {[#] next d7 is good for White.} b3 $2 (56... g3 $1 $19 57. hxg3 hxg3 58. Kxb4 g2) 57. axb3 $2 {[%mdl 8192]} (57. d7 $11 Bxd7 58. Nxd7) 57... g3 58. hxg3 hxg3 {aiming for ...a2.} 59. b4 {[#]} (59. Rg1 $142 Ba6+ 60. Kb4) 59... g2 {Played: Bc8-a6} 0-1

[Event "6th Porticcio Open 2019"]
[Site "Porticcio"]
[Date "2019.06.30"]
[Round "3.3"]
[White "Renet, Olivier"]
[Black "Van Wely, Loek"]
[Result "0-1"]
[WhiteElo "2477"]
[BlackElo "2604"]
[Annotator "TA"]
[PlyCount "62"]
[EventDate "2019.06.23"]
[EventType "swiss"]
[EventCountry "FRA"]
[SourceTitle "playchess.com"]
[Source "ChessBase"]
[SourceQuality "1"]

{[%evp 19,62,0,4,0,0,-11,0,-22,8,2,0,-23,-20,-23,-23,-57,-41,-46,-57,-58,-53,-62,-45,-77,-62,-66,-71,-75,-66,-64,-66,-70,-68,-77,-78,-314,-309,-312,-245,-523,-517,-830,-820,-29985,-29986]} 1. d4 Nf6 2. c4 b6 3. Nc3 Bb7 4. Nf3 e6 5. e3 d5 6. cxd5 exd5 7. Bb5+ c6 8. Bd3 Be7 9. O-O O-O 10. Ne5 c5 11. Qf3 {E14: Queen's Indian: Classical Variation (4 e3)} Nc6 12. Rd1 (12. Qh3 g6 13. Nxc6 Bxc6 14. b3 Re8 15. dxc5 bxc5 16. Bb2 Qb6 17. Rab1 Rad8 18. Rfd1 a5 {1-0 (44) Harikrishna,P (2744)-Anton Guijarro,D (2666) Riadh 2017}) 12... Bd6 13. Ng4 {The position is equal.} Nxg4 14. Qxg4 c4 $146 ({Predecessor:} 14... Ne7 15. b3 Qc8 16. Qh4 f5 17. Nb5 Ng6 18. Nxd6 Nxh4 19. Nxc8 Raxc8 {½-½ (54) Zubkov,V (2371)-Vasilevich,I (2301) Voronezh 2015}) 15. Bf1 (15. Be2 {seems wilder.} f5 16. Qf3 Kh8 17. Nb5 Be7 18. Nc3) 15... Ne7 $36 {[%mdl 2048] White is under pressure.} 16. g3 f5 17. Qh3 a6 18. a4 Qd7 {[#]} 19. e4 $1 {[%mdl 512]} dxe4 20. Bxc4+ Kh8 21. Bg5 Ng6 22. Bb3 Rae8 23. Ne2 Bb8 24. Rac1 Bd5 25. Bxd5 Qxd5 26. Nc3 Qb3 27. Qf1 $2 (27. Rd2 $17) 27... f4 $19 28. Qxa6 h6 ({Not} 28... fxg3 29. fxg3 (29. hxg3 e3 $15) 29... Rf5 30. Be3 $11) 29. Bxf4 $2 (29. Qe2 {was necessary.}) 29... Bxf4 30. gxf4 (30. Qb5 $142 Qxb5 31. Nxb5 Bxc1 32. Rxc1) 30... Nxf4 {[#] White must now prevent ...Nh3+.} 31. Rd2 Qe6 {Accuracy: White = 43%, Black = 95%.} 0-1